000 00892nam a22002777a 4500
001 9524
003 FISKH
005 20260119101330.0
008 260119b cb ||||| |||| 00| 0 eng d
020 _a1880892944
040 _aFISKH
_beng
_cFISKH
_dFISKH
050 _aPZ7.G75153 U
082 _a428
100 _aGraeber, Charlotte
_eAuthor
245 _aUp, down, and around the rain tree /
_cWritten by Charlotte Graeber ; pictures by Jack Stockman
260 _aMelrose :
_bCommon Sense Press ,
_c1984
300 _a60 pages :
_bcolor illustrations ;
_c20 cm
505 _aG
520 _aParrot, Monkey, and other jungle animals experience the joys of treating each other nicely.
521 8 _a400
_bLexile estimate
521 8 _aG
_bRaz-Plus
650 _aAnimal fiction
_vLanguage arts
700 _aStockman, Jack
_eIllustrator
942 _2ddc
_cBK
_n0
999 _c9524
_d9524